000 00294nam a22001337a 4500
008 170525b xxu||||| |||| 00| 0 eng d
020 _a0070448167
041 _aeng
080 _23RD
_a621
100 _a26
101 _aIM
245 _aENGINEERING MECHANICS
_cMCLEAN , W.G
942 _2udc
_cBK
999 _c14196
_d14196